00567cam a2200157 4500008004100000020001500041035001200056245012000068250001100188260005300199300002100252504001900273650003400292650004500326700003800371081020t20052005mx 000 0 spa u a9701048857 aa47407000aCálculos para la planeación y control de empresas porcinas / c[colab.] Javier Flores Covarrubias ... [et al.]. a1a ed. aMéxico :b Mc Graw-Hill Interamericana cc2005 a116 p. ;c23 cm. aIncluye indice 4aCerdos xIndustria y comercio 4aCerdos, Cría dexModelos matemáticos1 aFlores Covarrubias, Javier, colab